Hospodářská politika a její zabezpečovaní ve stavebnictví

Salvato in:
Dettagli Bibliografici
Autore principale: Kollmann, Jaromír
Natura: Libro
Lingua:ceco
Pubblicazione: Praha Dům techniky ČSVTS 1985
Tags: Aggiungi Tag
Nessun Tag, puoi essere il primo ad aggiungerne!!

MARC

LEADER 00000nam a2200000 4500
001 c104371
005 20041019155131.8
041 0 |a cze 
044 |a CZ 
245 1 0 |a Hospodářská politika a její zabezpečovaní ve stavebnictví  |c Jaromír Kollmann 
264 1 |a Praha  |b Dům techniky ČSVTS  |c 1985 
300 |a 139 s. 
100 1 |a Kollmann, Jaromír